Denuncias desde arriba y desde abajo /

Tallennettuna:
Bibliografiset tiedot
Päätekijä: Cuadra, Scarlet
Aineistotyyppi: Teksti
Tagit: Lisää tagi
Ei tageja, Lisää ensimmäinen tagi!

MARC

LEADER 00000 a a2200000 04500
001 46020
003
040
100 |a Cuadra, Scarlet  
245 |a Denuncias desde arriba y desde abajo /  |c Scarlet Cuadra  
773 |g volumen16, número401 ( , 1996), páginas 8-9  
999 |c 35551  |d 35551